[Event "ÕÕÕII Nezhmetdinov Memorial"]
[Site "?"]
[Date "2010.05.31"]
[Round "1.1"]
[White "Zakhartsov, Viacheslav V"]
[Black "Zlachevskiy, Leonid"]
[Result "1-0"]
[WhiteElo "2586"]
[BlackElo "2111"]
[PlyCount "79"]
[EventDate "2010.??.??"]
[EventType "team"]

1. d4 Nf6 2. c4 e6 3. Nf3 b6 4. g3 Bb4+ 5. Bd2 a5 6. Bg2 Bb7 7. O-O O-O 8. Bg5
Be7 9. Nc3 d6 10. Qc2 Nbd7 11. Rad1 Qc8 12. e4 h6 13. Bf4 Nh5 14. Bc1 c5 15. d5
e5 16. Bh3 Qd8 17. Qe2 Nhf6 18. Nh4 Nh7 19. Nf5 Ndf6 20. f4 exf4 21. gxf4 Bc8
22. Qg2 Bxf5 23. Bxf5 g6 24. e5 Ne8 25. e6 Kh8 26. Bc2 f5 27. Rf3 Bh4 28. Kh1
Rg8 29. Rg1 Rg7 30. Nb5 Qe7 31. Qh3 h5 32. Bd2 Nf8 33. Bc3 Bf6 34. Rfg3 Bxc3
35. bxc3 Rb8 36. Bxf5 Qf6 37. Bxg6 Nxg6 38. Qxh5+ Kg8 39. Rxg6 Qxf4 40. Nxd6
1-0

[Event "ÕÕÕII Nezhmetdinov Memorial"]
[Site "?"]
[Date "2010.05.31"]
[Round "1.3"]
[White "Shaposhnikov, Evgeny"]
[Black "Baraeva, Marina"]
[Result "1-0"]
[WhiteElo "2550"]
[BlackElo "2102"]
[PlyCount "61"]
[EventDate "2010.??.??"]
[EventType "team"]

1. e4 e6 2. d3 d5 3. Qe2 dxe4 4. dxe4 c5 5. Nf3 Nc6 6. g3 Nf6 7. Bg2 Be7 8. O-O
O-O 9. e5 Nd5 10. Rd1 Qc7 11. c4 Nb6 12. Bf4 Bd7 13. Nc3 a6 14. Ne4 Qc8 15. Bg5
Bxg5 16. Nfxg5 h6 17. Nf3 Nd8 18. Nf6+ Kh8 19. Qe4 gxf6 20. exf6 Bc6 21. Qf4
Kh7 22. Ne5 Rg8 23. Bf1 Nd7 24. Bd3+ Rg6 25. Ng4 Nxf6 26. Bxg6+ fxg6 27. Qxh6+
Kg8 28. Qxg6+ Kf8 29. Qxf6+ Nf7 30. Ne5 Qc7 31. Rd7 1-0

[Event "ÕÕÕII Nezhmetdinov Memorial"]
[Site "?"]
[Date "2010.05.31"]
[Round "1.4"]
[White "Ivanov, Stepan"]
[Black "Kabanov, Nikolai"]
[Result "0-1"]
[WhiteElo "2099"]
[BlackElo "2517"]
[PlyCount "52"]
[EventDate "2010.??.??"]
[EventType "team"]

1. d4 Nf6 2. c4 c5 3. Nf3 cxd4 4. Nxd4 e6 5. e3 a6 6. Bd3 Qc7 7. Nc3 Nc6 8. a3
Ne5 9. b3 b5 10. Bb2 bxc4 11. Bxc4 Nxc4 12. bxc4 Rb8 13. Qe2 Qb7 14. O-O-O Qxg2
15. e4 Qg5+ 16. Kc2 Qa5 17. Rb1 Bb7 18. Rhd1 d6 19. Bc1 Qc7 20. f4 Be7 21. f5
e5 22. Nb3 Rc8 23. Rg1 Qxc4 24. Qxc4 Rxc4 25. Nd2 Bxe4+ 26. Ndxe4 Nxe4 0-1

[Event "ÕÕÕII Nezhmetdinov Memorial"]
[Site "?"]
[Date "2010.05.31"]
[Round "1.5"]
[White "Kharlov, Andrei"]
[Black "Talov, Nikita"]
[Result "1-0"]
[WhiteElo "2516"]
[BlackElo "2087"]
[PlyCount "49"]
[EventDate "2010.??.??"]
[EventType "team"]

1. e4 c5 2. Nf3 Nc6 3. d4 cxd4 4. Nxd4 Nf6 5. Nc3 e5 6. Ndb5 d6 7. Nd5 Nxd5 8.
exd5 Nb8 9. c4 Nd7 10. Be2 Be7 11. O-O O-O 12. Kh1 a6 13. Nc3 f5 14. f4 Bf6 15.
Qc2 g6 16. g3 Qb6 17. Bd2 Qc7 18. Rac1 b6 19. b3 Bb7 20. g4 e4 21. gxf5 gxf5
22. Rg1+ Kh8 23. Nd1 Qd8 24. Ne3 Bd4 25. Rg5 1-0

[Event "ÕÕÕII Nezhmetdinov Memorial"]
[Site "?"]
[Date "2010.05.31"]
[Round "1.6"]
[White "Fedotov, Ivan"]
[Black "Shcherbakov, Ruslan"]
[Result "0-1"]
[WhiteElo "2078"]
[BlackElo "2516"]
[PlyCount "52"]
[EventDate "2010.??.??"]
[EventType "team"]

1. e4 c5 2. Nf3 e6 3. d4 cxd4 4. Nxd4 Nc6 5. Nc3 d6 6. Be2 Nf6 7. O-O Be7 8.
Be3 O-O 9. f4 e5 10. Nb3 exf4 11. Rxf4 Ne8 12. Qd2 Bf6 13. Rd1 Be5 14. Rf2 Nf6
15. Bg5 Bxc3 16. Qxc3 Nxe4 17. Bxd8 Nxc3 18. bxc3 Rxd8 19. Bc4 Ne5 20. Bd5 Bg4
21. Rd4 Rd7 22. Rb4 Rb8 23. Nd4 b6 24. Bb3 Rc8 25. Nb5 Rc5 26. Rd2 a5 0-1

[Event "ÕÕÕII Nezhmetdinov Memorial"]
[Site "?"]
[Date "2010.05.31"]
[Round "1.7"]
[White "Askarov, Marat"]
[Black "Shkuro, Alexandr"]
[Result "1-0"]
[WhiteElo "2499"]
[BlackElo "2071"]
[PlyCount "133"]
[EventDate "2010.??.??"]
[EventType "team"]

1. d4 Nf6 2. c4 e6 3. Nf3 Bb4+ 4. Nbd2 O-O 5. a3 Bxd2+ 6. Qxd2 b6 7. g3 Bb7 8.
Bg2 Be4 9. O-O d5 10. Qc3 Nbd7 11. Bf4 Rc8 12. c5 Re8 13. c6 Nf8 14. Rfd1 Ng6
15. Be3 Ng4 16. Bd2 f5 17. Bh3 Bxf3 18. exf3 Nf6 19. Re1 Qd6 20. Re2 Ne7 21.
Rc1 Nh5 22. Qc2 g6 23. Bb4 Qd8 24. Rxe6 Ng7 25. Re2 a5 26. Bd2 Qd6 27. Bf4 Qf6
28. Be5 Qf7 29. Rce1 Ne6 30. Bf6 Qxf6 31. Rxe6 Qf7 32. f4 Rcd8 33. Bg2 Kf8 34.
b4 axb4 35. axb4 Ng8 36. Bxd5 Rxd5 37. Rxe8+ Qxe8 38. Rxe8+ Kxe8 39. Kg2 Ne7
40. Kf3 b5 41. Ke3 Kf7 42. Qa2 Ke6 43. Qa8 Rd6 44. Qb8 Rxd4 45. Kf3 Rxb4 46.
Qxc7 Rc4 47. Qe5+ Kf7 48. Qxb5 Rxc6 49. Kg2 Re6 50. Qd7 Re4 51. Kh3 h6 52. Qd3
Ng8 53. f3 Re6 54. Qc4 Ne7 55. Kh4 Kf6 56. Qc3+ Kf7 57. h3 Rc6 58. Qb3+ Kg7 59.
g4 Rd6 60. Kg3 Rc6 61. Qb2+ Kf7 62. Qh8 Ng8 63. Qh7+ Kf8 64. h4 Re6 65. h5 gxh5
66. Qxf5+ Rf6 67. Qxh5 1-0

[Event "ÕÕÕII Nezhmetdinov Memorial"]
[Site "?"]
[Date "2010.05.31"]
[Round "1.8"]
[White "Malin, Denis"]
[Black "Bezgodov, Alexei"]
[Result "0-1"]
[WhiteElo "2068"]
[BlackElo "2494"]
[PlyCount "72"]
[EventDate "2010.??.??"]
[EventType "team"]

1. d4 d5 2. c4 e6 3. cxd5 exd5 4. Nc3 c6 5. Qc2 Bd6 6. Nf3 Ne7 7. e4 dxe4 8.
Nxe4 Bb4+ 9. Nc3 Bg4 10. Be3 Nd7 11. Bc4 O-O 12. Ng5 Nf6 13. O-O Bxc3 14. bxc3
Ned5 15. Bd3 h6 16. Nh7 Re8 17. Nxf6+ Qxf6 18. Rae1 Nf4 19. Bxf4 Qxf4 20. f3
Bd7 21. Re4 Qd6 22. Rfe1 b5 23. Qe2 Kf8 24. Re5 f6 25. Rxe8+ Rxe8 26. Qf2 Qa3
27. Rxe8+ Bxe8 28. Qd2 a5 29. Kf2 Bf7 30. Bb1 Qd6 31. g3 c5 32. Qe3 cxd4 33.
Qxd4 Qxd4+ 34. cxd4 b4 35. Ke3 a4 36. Kd2 a3 0-1

[Event "ÕÕÕII Nezhmetdinov Memorial"]
[Site "?"]
[Date "2010.05.31"]
[Round "1.9"]
[White "Galliamova, Alisa"]
[Black "Dogodkina, Julia"]
[Result "1-0"]
[WhiteElo "2487"]
[BlackElo "2066"]
[PlyCount "57"]
[EventDate "2010.??.??"]
[EventType "team"]

1. d4 Nf6 2. c4 e6 3. g3 d5 4. Bg2 Be7 5. Nf3 O-O 6. Nbd2 c5 7. dxc5 dxc4 8.
Qc2 Qd5 9. Qxc4 Bxc5 10. a3 Nc6 11. b4 Bd4 12. Ra2 Bc3 13. O-O Rd8 14. Rc2 Bxd2
15. Bxd2 Qxc4 16. Rxc4 a6 17. Be3 h6 18. Bb6 Re8 19. Nd4 Ne5 20. Rc2 Nd5 21.
Bc7 Nxc7 22. Rxc7 Rd8 23. e3 Rb8 24. Rfc1 Nd7 25. Nb3 b6 26. Nd4 Ne5 27. f4 Nd3
28. Nc6 Nxc1 29. Nxd8 1-0

[Event "ÕÕÕII Nezhmetdinov Memorial"]
[Site "?"]
[Date "2010.05.31"]
[Round "1.10"]
[White "Beliaev, Vasily"]
[Black "Alavkin, Arseny"]
[Result "0-1"]
[WhiteElo "2064"]
[BlackElo "2460"]
[PlyCount "62"]
[EventDate "2010.??.??"]
[EventType "team"]

1. e4 c5 2. Nf3 e6 3. d4 cxd4 4. Nxd4 Nc6 5. Nc3 Qc7 6. Ndb5 Qb8 7. Be3 a6 8.
Bb6 axb5 9. Nxb5 Bb4+ 10. c3 Ba5 11. Nc7+ Qxc7 12. Bxc7 Bxc7 13. Bc4 Nf6 14.
O-O Nxe4 15. Qg4 Nd2 16. Rfe1 Nxc4 17. Qxc4 O-O 18. b4 d5 19. Qc5 Bd7 20. Qe3
d4 21. Qd3 Ra3 22. b5 Rxc3 23. Qd2 Ne7 24. Qxd4 Nd5 25. Rec1 Bb6 26. Qe5 Rd3
27. Rab1 Rd2 28. Rf1 Rxa2 29. h4 Rc8 30. h5 h6 31. Rb3 Rd2 0-1

[Event "ÕÕÕII Nezhmetdinov Memorial"]
[Site "?"]
[Date "2010.05.31"]
[Round "1.11"]
[White "Ponfilenok, Vladimir"]
[Black "Baraeva, Irina"]
[Result "1-0"]
[WhiteElo "2451"]
[BlackElo "2061"]
[PlyCount "79"]
[EventDate "2010.??.??"]
[EventType "team"]

1. d4 d5 2. Nf3 Nf6 3. c4 c6 4. e3 Bg4 5. Nc3 e6 6. h3 Bxf3 7. Qxf3 Bd6 8. Bd3
Nbd7 9. O-O O-O 10. e4 e5 11. exd5 exd4 12. Ne4 cxd5 13. cxd5 Nxe4 14. Qxe4 Nf6
15. Qxd4 Nxd5 16. Rd1 Be7 17. Qe4 Nf6 18. Qxb7 Bd6 19. Be3 Qc7 20. Qxc7 Bxc7
21. Rac1 Be5 22. b4 a6 23. Rc6 Rfd8 24. Bb6 Rd7 25. Rdc1 g6 26. Rc8+ Rxc8 27.
Rxc8+ Kg7 28. Rd8 Rxd8 29. Bxd8 Nd5 30. Bxa6 Nxb4 31. Bc4 Nc6 32. Bb6 Bc3 33.
Kf1 f5 34. Ke2 Kf6 35. a4 g5 36. Kd3 Be1 37. Bb5 Na5 38. Bd8+ Ke5 39. Ke2 Bb4
40. Bxg5 1-0

[Event "ÕÕÕII Nezhmetdinov Memorial"]
[Site "?"]
[Date "2010.05.31"]
[Round "1.13"]
[White "Sharafiev, Azat"]
[Black "Agafonov, Anton V."]
[Result "1/2-1/2"]
[WhiteElo "2447"]
[BlackElo "2056"]
[PlyCount "158"]

1. d4 Nf6 2. c4 c5 3. Nf3 cxd4 4. Nxd4 e5 5. Nb5 d6 6. Bg5 Qa5+ 7. Qd2 Qxd2+ 8.
Nxd2 Na6 9. Bxf6 gxf6 10. Ne4 Be6 11. O-O-O Bxc4 12. Nbxd6+ Bxd6 13. Nxd6+ Ke7
14. Nxc4 Rac8 15. e3 b5 16. b3 bxc4 17. Bxc4 Nc5 18. Rd5 Ne4 19. Ra5 Rc7 20. f4
Nd6 21. fxe5 fxe5 22. Rxe5+ Kf6 23. Ra5 Nxc4 24. Rf1+ Kg7 25. bxc4 Rxc4+ 26.
Kd1 Rd8+ 27. Ke1 Rc1+ 28. Kf2 Rd2+ 29. Kg1 Rcc2 30. Rg5+ Kf8 31. a4 Ra2 32. Rg4
Re2 33. h3 Rxe3 34. Rf5 Re7 35. Rh5 f6 36. Rf5 Re6 37. Ra5 a6 38. Rh5 Re7 39.
Rh6 Rf7 40. Rc4 Kg7 41. Rhh4 f5 42. Rc6 Rd7 43. Rc3 Rd6 44. Rc7+ Kg6 45. Rhxh7
Rxa4 46. Rcg7+ Kf6 47. Rf7+ Ke5 48. Rf8 Rd1+ 49. Kh2 Ra2 50. Re7+ Kf4 51. Ref7
Rd5 52. h4 Ra4 53. h5 Ke3 54. Kh3 f4 55. Rf5 Rxf5 56. Rxf5 Ra1 57. Kh2 Rb1 58.
Re5+ Kd4 59. Ra5 Rb6 60. Kh3 Ke4 61. Rg5 Rf6 62. Kh4 f3 63. Rg4+ Ke3 64. Rg3
Ke4 65. gxf3+ Kf5 66. Rg5+ Ke6 67. Kg4 Kf7 68. f4 Rb6 69. Re5 Kg7 70. Kg5 Kf7
71. Rf5+ Kg7 72. Ra5 Rb5+ 73. Rxb5 axb5 74. f5 b4 75. f6+ Kg8 76. Kf5 Kf7 77.
h6 b3 78. h7 b2 79. h8=Q b1=Q+ 1/2-1/2

[Event "ÕÕÕII Nezhmetdinov Memorial"]
[Site "?"]
[Date "2010.05.31"]
[Round "1.14"]
[White "Talipov, Nafis"]
[Black "Isajevsky, Anton"]
[Result "0-1"]
[WhiteElo "2050"]
[BlackElo "2424"]
[PlyCount "42"]

1. c4 e5 2. Nc3 Nf6 3. e4 Bc5 4. d3 d6 5. g3 Nc6 6. Bg2 Ng4 7. Nh3 h5 8. O-O h4
9. Ng5 hxg3 10. hxg3 Qf6 11. Nf3 Qg6 12. Nd5 Kd8 13. Qd2 Qh7 14. b4 Bd4 15. Rb1
f6 16. Qe2 Nh2 17. Rd1 Bg4 18. Ne3 Nxf3+ 19. Bxf3 Qh2+ 20. Kf1 Bh3+ 21. Ke1
Bc3+ 0-1

[Event "ÕÕÕII Nezhmetdinov Memorial"]
[Site "?"]
[Date "2010.05.31"]
[Round "1.15"]
[White "Predke, Alexandr"]
[Black "Yarullina, Alina"]
[Result "1-0"]
[WhiteElo "2417"]
[BlackElo "2048"]
[PlyCount "41"]

1. e4 c5 2. Nf3 Nc6 3. Nc3 g6 4. d4 cxd4 5. Nxd4 Bg7 6. Be3 Nf6 7. Bc4 d6 8. f3
Nd7 9. Bb5 Nde5 10. f4 a6 11. Be2 Ng4 12. Bxg4 Bxg4 13. Qxg4 Nxd4 14. O-O-O Nb5
15. Nd5 Qa5 16. Qh4 O-O 17. f5 Be5 18. fxg6 fxg6 19. Nxe7+ Kh8 20. Nxg6+ Kg8
21. Nxe5 1-0

[Event "ÕÕÕII Nezhmetdinov Memorial"]
[Site "?"]
[Date "2010.05.31"]
[Round "1.16"]
[White "Artemjev, Nikolay"]
[Black "Ulanov, Alexandr"]
[Result "0-1"]
[WhiteElo "2034"]
[BlackElo "2364"]
[PlyCount "92"]

1. e4 c5 2. Nf3 d6 3. d4 cxd4 4. Nxd4 Nf6 5. Nc3 g6 6. f3 Bg7 7. Be3 O-O 8. Qd2
Nc6 9. Nb3 Be6 10. Be2 Rc8 11. g4 Ne5 12. g5 Nfd7 13. h4 Nc4 14. Bxc4 Rxc4 15.
Bd4 Ne5 16. Qf2 Nxf3+ 17. Qxf3 Bxd4 18. Nxd4 Rxd4 19. h5 Qa5 20. Qf4 Qe5 21.
Qxe5 dxe5 22. Rd1 Rxd1+ 23. Nxd1 gxh5 24. Rxh5 Kg7 25. Rh2 Rd8 26. Nc3 Kg6 27.
Rh6+ Kg7 28. Rh2 Rd4 29. a3 a5 30. Ke2 b5 31. Ke3 b4 32. axb4 axb4 33. Ne2 Rd1
34. Rg2 Kg6 35. Ng1 Re1+ 36. Kd3 Bd7 37. c4 bxc3 38. bxc3 Bc6 39. Ne2 Rd1+ 40.
Ke3 Bb5 41. Nf4+ exf4+ 42. Kxf4 Bc6 43. Rh2 Rf1+ 44. Ke5 f6+ 45. gxf6 exf6+ 46.
Kd6 Bxe4 0-1

[Event "ÕÕÕII Nezhmetdinov Memorial"]
[Site "?"]
[Date "2010.05.31"]
[Round "1.17"]
[White "Gabdrakhmanov, Rafail"]
[Black "Glukhov, Alexander"]
[Result "1/2-1/2"]
[WhiteElo "2362"]
[BlackElo "2034"]
[PlyCount "92"]

1. c4 e5 2. Nc3 d6 3. g3 g6 4. Bg2 Bg7 5. b4 f5 6. Bb2 Nf6 7. Nd5 c6 8. Nxf6+
Bxf6 9. e3 Be6 10. d3 O-O 11. Ne2 e4 12. Bxf6 Qxf6 13. O-O Nd7 14. dxe4 Bxc4
15. exf5 Qxf5 16. Rc1 d5 17. e4 Bxe2 18. Qxe2 Rae8 19. b5 dxe4 20. bxc6 bxc6
21. Rxc6 Ne5 22. Bxe4 Nf3+ 23. Qxf3 Qxf3 24. Bxf3 Rxf3 25. Ra6 Re7 26. Kg2 Ref7
27. Rxa7 Rxa7 28. Kxf3 Rxa2 29. Rd1 Ra3+ 30. Kf4 Ra2 31. Ke3 Ra3+ 32. Rd3 Ra7
33. g4 h6 34. f4 Kf7 35. h4 Ke6 36. Rb3 Ra6 37. Kf3 Ra4 38. Ke3 Ra6 39. Kf3 Ra1
40. Rb6+ Kf7 41. Rb7+ Ke6 42. Rb3 Rf1+ 43. Ke4 Re1+ 44. Re3 Rb1 45. Kf3+ Kf7
46. Kg3 Rg1+ 1/2-1/2

[Event "ÕÕÕII Nezhmetdinov Memorial"]
[Site "?"]
[Date "2010.05.31"]
[Round "1.18"]
[White "Pavlov, Viktor"]
[Black "Sokolov, Sergei"]
[Result "0-1"]
[WhiteElo "2033"]
[BlackElo "2349"]
[PlyCount "92"]

1. e4 c5 2. Nf3 d6 3. d4 cxd4 4. Nxd4 Nf6 5. Nc3 Nc6 6. Bg5 Bd7 7. Be2 Nxd4 8.
Qxd4 Qa5 9. Qd2 Rc8 10. Bd3 Ng4 11. O-O h6 12. Be3 Qh5 13. h3 Nxe3 14. Qxe3 Qc5
15. Qe2 e6 16. Kh1 Be7 17. f4 Bf6 18. e5 dxe5 19. Ne4 Qc7 20. Nxf6+ gxf6 21.
fxe5 Qxe5 22. Qf2 Bc6 23. Qxf6 Qxf6 24. Rxf6 Rg8 25. Rf2 Ke7 26. Raf1 f5 27.
Re1 Kf6 28. Be4 Bxe4 29. Rxe4 e5 30. Ra4 a6 31. Rb4 b5 32. a4 Rc4 33. Rxc4 bxc4
34. b4 Rg3 35. Rf3 Rg8 36. c3 e4 37. Rf1 Rg3 38. Rc1 f4 39. b5 axb5 40. axb5
Ke6 41. b6 Kd7 42. Rf1 f3 43. gxf3 Rxh3+ 44. Kg2 exf3+ 45. Rxf3 Rxf3 46. Kxf3
Kc6 0-1

[Event "ÕÕÕII Nezhmetdinov Memorial"]
[Site "?"]
[Date "2010.05.31"]
[Round "1.19"]
[White "Filipenko, Alexander V"]
[Black "Kalinin, Nikita"]
[Result "1/2-1/2"]
[WhiteElo "2345"]
[BlackElo "2032"]
[PlyCount "50"]

1. e4 e5 2. Nf3 Nc6 3. Bb5 Bc5 4. c3 f5 5. d4 fxe4 6. dxc5 exf3 7. Qxf3 Nf6 8.
Bg5 O-O 9. Nd2 Qe8 10. O-O Qg6 11. Bxf6 gxf6 12. Rad1 Kh8 13. Qe3 Rg8 14. g3
Ne7 15. f4 Nd5 16. Qf3 Nxf4 17. Kh1 Ne6 18. Qxf6+ Qxf6 19. Rxf6 Nxc5 20. b4 Ne6
21. Bc4 Rg4 22. Rdf1 b6 23. Bxe6 dxe6 24. Rf8+ Rg8 25. Kg1 Ba6 1/2-1/2

[Event "ÕÕÕII Nezhmetdinov Memorial"]
[Site "?"]
[Date "2010.05.31"]
[Round "1.20"]
[White "Safin, Ravgat"]
[Black "Mikheev, Stanislav"]
[Result "0-1"]
[WhiteElo "2000"]
[BlackElo "2310"]
[PlyCount "98"]

1. d4 Nf6 2. Nf3 g6 3. Bg5 Bg7 4. Nbd2 d5 5. e3 c5 6. c3 Qb6 7. Qb3 Nc6 8. Bxf6
Bxf6 9. Be2 Be6 10. O-O O-O 11. Qb5 Qxb5 12. Bxb5 cxd4 13. cxd4 Rfc8 14. Nb3 a6
15. Be2 b6 16. a3 a5 17. Rfc1 Nd8 18. Bb5 Nb7 19. Bc6 Rc7 20. Rc3 Rac8 21. Rac1
Nd8 22. Bb5 Rxc3 23. Rxc3 Rxc3 24. bxc3 Nb7 25. Nfd2 Nd6 26. Bd3 Nc4 27. Nb1
Bd7 28. Kf1 e6 29. Bxc4 dxc4 30. N3d2 b5 31. Ke2 Be7 32. Kd1 Bc6 33. g3 f5 34.
Kc2 Kf7 35. Kb2 a4 36. Kc2 Kf6 37. f3 Bd6 38. Kd1 h5 39. Ke2 h4 40. Kf2 e5 41.
f4 exd4 42. exd4 hxg3+ 43. hxg3 g5 44. Ke3 gxf4+ 45. gxf4 Kg6 46. Nf1 Be4 47.
Nfd2 Bd3 48. d5 Kh5 49. Kd4 Kg4 0-1

[Event "ÕÕÕII Nezhmetdinov Memorial"]
[Site "?"]
[Date "2010.05.31"]
[Round "1.21"]
[White "Gubaydulin, Talgat"]
[Black "Terentyev, Vitaly"]
[Result "1-0"]
[WhiteElo "2298"]
[BlackElo "2000"]
[PlyCount "113"]

1. d4 g6 2. Nf3 Bg7 3. e4 d6 4. c3 Nf6 5. Bd3 O-O 6. O-O Nc6 7. Nbd2 Re8 8. Qc2
e5 9. dxe5 Nxe5 10. Nxe5 Rxe5 11. h3 Bd7 12. Re1 Qe8 13. b3 Bc6 14. Bb2 Nh5 15.
Nc4 Re7 16. Na5 Nf4 17. Nxc6 Qxc6 18. Bf1 Rae8 19. g3 Ne6 20. Qd2 Nc5 21. f3
Nd7 22. Rad1 Qc5+ 23. Kg2 Qh5 24. Qf2 Qa5 25. Qc2 Nf6 26. Bc4 b5 27. b4 Qb6 28.
Bb3 Nh5 29. Qf2 Qb7 30. Bc2 g5 31. Kh2 Be5 32. Rg1 Kh8 33. a4 a6 34. Bb3 c6 35.
Qd2 h6 36. Rdf1 Qd7 37. Qd1 Ng7 38. Bc2 f5 39. f4 Bf6 40. fxg5 hxg5 41. exf5
bxa4 42. Rg2 Re3 43. Bxa4 d5 44. Bc1 R3e5 45. Bc2 Kg8 46. c4 d4 47. c5 Kh8 48.
Bd3 Qb7 49. Bd2 a5 50. bxa5 Rxc5 51. a6 Qa7 52. Qg4 Qf7 53. Bxg5 Bxg5 54. Qxg5
Rc3 55. f6 Rxd3 56. fxg7+ Qxg7 57. Qh5+ 1-0

[Event "ÕÕÕII Nezhmetdinov Memorial"]
[Site "?"]
[Date "2010.05.31"]
[Round "1.22"]
[White "Borisov, Artur"]
[Black "Vasenev, Sergey"]
[Result "0-1"]
[WhiteElo "1996"]
[BlackElo "2284"]
[PlyCount "54"]

1. d4 Nf6 2. c4 c5 3. d5 b5 4. cxb5 a6 5. bxa6 Bxa6 6. Nc3 g6 7. e4 Bxf1 8.
Kxf1 d6 9. g3 Bg7 10. Kg2 O-O 11. h3 Nbd7 12. Nf3 Ra6 13. a4 Qa8 14. Re1 e6 15.
Nb5 Ne8 16. g4 exd5 17. exd5 Ndf6 18. Nc3 Nc7 19. Re3 Nfxd5 20. Nxd5 Nxd5 21.
Rd3 Nb4 22. Re3 c4 23. Kg1 Nd3 24. Rxd3 cxd3 25. Qxd3 Rxa4 26. Rxa4 Qxa4 27.
Qxd6 Qa1 0-1

[Event "ÕÕÕII Nezhmetdinov Memorial"]
[Site "?"]
[Date "2010.05.31"]
[Round "1.23"]
[White "Dimukhametov, Artur"]
[Black "Zaynutdinov,  Iskander"]
[Result "1-0"]
[WhiteElo "2278"]
[BlackElo "1986"]
[PlyCount "57"]

1. d4 Nf6 2. c4 e6 3. Nc3 Bb4 4. Qc2 d5 5. cxd5 exd5 6. Bg5 c5 7. e3 O-O 8. Nf3
Bg4 9. Ne5 Bh5 10. Bd3 Bg6 11. O-O Bxd3 12. Qxd3 c4 13. Qf5 Bxc3 14. bxc3 Nbd7
15. Rfb1 b6 16. Rb5 h6 17. Bh4 g5 18. Bg3 Nxe5 19. Bxe5 Ne4 20. Rc1 a6 21. Rb2
Ra7 22. a4 Nd6 23. Qf3 f6 24. Qxd5+ Nf7 25. Qxd8 Rxd8 26. Bxf6 Rd6 27. Be5 Nxe5
28. dxe5 Re6 29. Rd1 1-0

[Event "ÕÕÕII Nezhmetdinov Memorial"]
[Site "?"]
[Date "2010.05.31"]
[Round "1.24"]
[White "Ivanov,  Nikolay A."]
[Black "Bushkov, Alexander V."]
[Result "0-1"]
[WhiteElo "1977"]
[BlackElo "2266"]
[PlyCount "112"]

1. c4 c6 2. Nf3 d5 3. e3 Nf6 4. Nc3 e6 5. b3 Nbd7 6. Bb2 Bd6 7. Qc2 a6 8. d4 b5
9. Bd3 Bb7 10. c5 Bc7 11. b4 O-O 12. O-O Rc8 13. Ne2 h6 14. h3 Ne8 15. Ne5 Nxe5
16. dxe5 f6 17. Nf4 Kf7 18. Bg6+ Ke7 19. Bh5 Kd7 20. e4 fxe5 21. Ng6 Nf6 22.
Nxf8+ Qxf8 23. Bf3 Re8 24. exd5 exd5 25. Qf5+ Kd8 26. Rad1 Bc8 27. Qg6 e4 28.
Bxf6+ Qxf6 29. Bh5 Re5 30. Qxf6+ gxf6 31. Be2 Rg5 32. Kh1 Ke7 33. g4 Rg8 34. f3
f5 35. Rg1 f4 36. h4 Be5 37. g5 h5 38. Kh2 Bf5 39. Kg2 Bc3 40. a3 Bg6 41. Kh2
Be5 42. Kg2 Ra8 43. Rge1 Ke6 44. Kg1 a5 45. fxe4 dxe4 46. Bf3 exf3 47. Rd6+ Kf5
48. Rxe5+ Kxe5 49. Rxg6 axb4 50. axb4 Kf5 51. Rxc6 Kg4 52. Rd6 Ra1+ 53. Kf2
Ra2+ 54. Kf1 Kg3 55. Rd1 Rh2 56. Kg1 f2+ 0-1

[Event "ÕÕÕII Nezhmetdinov Memorial"]
[Site "?"]
[Date "2010.05.31"]
[Round "1.25"]
[White "Ibraev, Vasilij"]
[Black "Ryskanov,  Ildar"]
[Result "1-0"]
[WhiteElo "2258"]
[BlackElo "1976"]
[PlyCount "75"]

1. e4 e5 2. Bc4 Nf6 3. d3 Bc5 4. Nf3 Nc6 5. c3 O-O 6. Bb3 d6 7. Bg5 h6 8. Bh4
g5 9. Bg3 Be6 10. Nbd2 Qe7 11. Qe2 Nd7 12. Nc4 f5 13. exf5 Rxf5 14. Nfd2 d5 15.
Ne3 Bxe3 16. fxe3 Raf8 17. O-O-O Nc5 18. d4 Nxb3+ 19. Nxb3 e4 20. Qb5 Bc8 21.
h4 g4 22. Rdf1 a6 23. Qe2 h5 24. Rxf5 Rxf5 25. Rf1 Qf7 26. Rxf5 Bxf5 27. Qf2
Nd8 28. Bxc7 Qxc7 29. Qxf5 Nf7 30. Qxd5 Qe7 31. Qxh5 Qe6 32. Nc5 Qxa2 33. Qxg4+
Kf8 34. Qxe4 Qa1+ 35. Kc2 Qf1 36. Ne6+ Ke7 37. Ng5+ Kf8 38. Qf3 1-0

[Event "ÕÕÕII Nezhmetdinov Memorial"]
[Site "?"]
[Date "2010.05.31"]
[Round "1.26"]
[White "Faizrakhmanov, Ramil"]
[Black "Tokarev,  Ilya"]
[Result "0-1"]
[WhiteElo "1957"]
[BlackElo "2257"]
[PlyCount "74"]

1. d4 d5 2. c4 c6 3. Nf3 Nf6 4. Qc2 a6 5. g3 Bg4 6. Bg2 e6 7. O-O Bd6 8. b3 Bf5
9. Qd1 h6 10. Bb2 O-O 11. Nc3 Qe7 12. Nd2 Rd8 13. e4 dxe4 14. Ncxe4 Nxe4 15.
Nxe4 Ba3 16. Qc1 Bxb2 17. Qxb2 a5 18. a3 Na6 19. Rad1 Rd7 20. Rd2 Rad8 21. Rfd1
Bg6 22. Nc3 Bh5 23. f3 Qg5 24. Kf2 Bg6 25. Na4 e5 26. d5 cxd5 27. cxd5 Qe7 28.
Bf1 Nc7 29. Qc3 Nxd5 30. Qxa5 b6 31. Qb5 Nc3 32. Rxd7 Nxd1+ 33. Rxd1 Rxd1 34.
Nxb6 e4 35. Be2 e3+ 36. Kg2 Rd2 37. Kg1 Bd3 0-1

[Event "ÕÕÕII Nezhmetdinov Memorial"]
[Site "?"]
[Date "2010.05.31"]
[Round "1.27"]
[White "Poniaev,  Ruslan"]
[Black "Mukhametgaleeva, Railia"]
[Result "1-0"]
[WhiteElo "2256"]
[BlackElo "1932"]
[PlyCount "55"]

1. d4 Nf6 2. c4 c5 3. d5 e5 4. Nc3 d6 5. e4 Be7 6. h3 O-O 7. Nf3 Ne8 8. g4 Na6
9. Bd3 Nac7 10. Qe2 f6 11. Rg1 g6 12. h4 Ng7 13. Bh6 Nce8 14. O-O-O Rf7 15. Nd2
a6 16. f4 exf4 17. Bxf4 Bd7 18. Be3 Nc7 19. Rdf1 b5 20. h5 g5 21. e5 dxe5 22.
Bxg5 Nge8 23. Bh6 Nd6 24. g5 f5 25. Qxe5 bxc4 26. Bc2 Bf8 27. g6 Re7 28. g7 1-0

[Event "ÕÕÕII Nezhmetdinov Memorial"]
[Site "?"]
[Date "2010.05.31"]
[Round "1.28"]
[White "Belova, Olga"]
[Black "Ospennikov, Dmitry V"]
[Result "0-1"]
[WhiteElo "1930"]
[BlackElo "2243"]
[PlyCount "118"]

1. e4 e5 2. Nf3 Nc6 3. Bb5 a6 4. Ba4 Nf6 5. O-O Be7 6. Re1 b5 7. Bb3 d6 8. c3
O-O 9. h3 Bb7 10. d4 Re8 11. Nbd2 Bf8 12. d5 Na7 13. Nf1 g6 14. N3h2 Nc8 15.
Ng3 Nb6 16. Ng4 Nxg4 17. Qxg4 Bg7 18. Bg5 Qd7 19. Qf3 h6 20. Bd2 Qe7 21. Nf1
Kh7 22. Ne3 Rf8 23. Bc2 c6 24. dxc6 Bxc6 25. Qg3 Rad8 26. h4 h5 27. Qh2 Qb7 28.
Nf1 d5 29. exd5 Bxd5 30. Rad1 Rfe8 31. Qg3 Nc4 32. Bc1 e4 33. b3 Ne5 34. Bf4
Rc8 35. Nd2 Rxc3 36. Qxc3 Nf3+ 37. Qxf3 exf3 38. Rxe8 Qc6 39. Rde1 Qxc2 40.
Nxf3 Bxf3 41. gxf3 Qxa2 42. R8e3 a5 43. Kg2 Qc2 44. R1e2 Qd1 45. Re1 Qd5 46.
Rb1 a4 47. bxa4 bxa4 48. Rb4 Qa2 49. Bd6 Qd2 50. Bc5 Qd5 51. Be7 Qd7 52. Ree4
a3 53. Ra4 f5 54. Bxa3 fxe4 55. Rxe4 Bf6 56. Bc5 Qd8 57. Ra4 Bxh4 58. Ra7+ Kg8
59. Ra6 Qg5+ 0-1

[Event "ÕÕÕII Nezhmetdinov Memorial"]
[Site "?"]
[Date "2010.05.31"]
[Round "1.29"]
[White "Shabalin, Evgeny"]
[Black "Bibilashvili, Anna"]
[Result "1-0"]
[WhiteElo "2233"]
[BlackElo "1920"]
[PlyCount "141"]

1. d4 Nf6 2. c4 e6 3. Nc3 Bb4 4. Qc2 c5 5. e3 O-O 6. Nf3 b6 7. Be2 Bb7 8. O-O
Bxc3 9. Qxc3 Qe7 10. b3 Ne4 11. Qc2 d5 12. Bb2 Rd8 13. Rac1 Nd7 14. dxc5 Ndxc5
15. Rfd1 Rac8 16. cxd5 exd5 17. Qb1 Ne6 18. Nd4 Nxd4 19. Bxd4 f5 20. Qb2 Qf7
21. Bf1 Ng5 22. Qa3 Ba8 23. Qa6 Qb7 24. Qd3 Qf7 25. Qa6 Qb7 26. Bd3 Qxa6 27.
Bxa6 Rxc1 28. Rxc1 Ne6 29. g3 Kf7 30. b4 Rd7 31. Bc8 Re7 32. Be5 g6 33. Bd6 Re8
34. Kf1 Rd8 35. Be5 Re8 36. Bb8 Re7 37. Ke1 Kf6 38. Kd2 Rf7 39. Ba6 Bb7 40. Be2
Ba8 41. f4 Re7 42. g4 fxg4 43. Bxg4 h5 44. Be5+ Kf7 45. Bf3 Bb7 46. Be2 Re8 47.
Bd3 Rg8 48. Rg1 Nd8 49. b5 Ne6 50. f5 gxf5 51. Rxg8 Kxg8 52. Bxf5 Kf7 53. Bd3
Nc5 54. Be2 Kg6 55. Kc3 Kf5 56. Bb8 a6 57. bxa6 Bxa6 58. Bxh5 Bc4 59. a3 b5 60.
Ba7 Ne4+ 61. Kd4 Ng5 62. Kc5 Ne4+ 63. Kb4 Nf6 64. Bf7 Ke4 65. h4 Ng4 66. h5 Nh6
67. Bg6+ Kf3 68. Be8 Kg4 69. Bxb5 Bxb5 70. Kxb5 Kxh5 71. Kc6 1-0